Statistics for European Countries By Shape

Click here to take the quiz!

General Stats

  • This quiz has been taken 44 times
  • The average score is 14 of 15

Answer Stats

Answer% Correct
Finland
100%
Ireland
98%
Estonia
98%
Denmark
98%
Croatia
98%
Sweden
98%
Portugal
98%
Spain
98%
Austria
95%
Netherlands
95%
Russia
95%
Austria
95%
Greece
95%
Iceland
93%
Serbia
91%

Score Distribution

Percentile by Number Answered

Percent of People with Each Score

Your Score History

You have not taken this quiz